Online Catalogue and eLibrary

We were making history : (Record no. 3498)

MARC details
000 -LEADER
fixed length control field 00478nam a2200157Ia 4500
005 - DATE AND TIME OF LATEST TRANSACTION
control field 20250130040012.0
008 - FIXED-LENGTH DATA ELEMENTS--GENERAL INFORMATION
fixed length control field 240331s9999 xx 000 0 und d
020 ## - INTERNATIONAL STANDARD BOOK NUMBER
ISBN 8185107122
082 ## - DDC Classification
Item Number - Author Mark WEW
Class No. 954
100 ## - MAIN ENTRY--PERSONAL NAME
Personal name Lalita, K.
245 #0 - TITLE STATEMENT
Title We were making history :
Remainder of title life stories of women in the Telangana People's Struggle
260 ## - PUBLICATION, DISTRIBUTION, ETC.
Place of publication, distribution, etc. New Delhi
Name of publisher, distributor, etc. Kali For Women
Date of publication, distribution, etc. 1989
300 ## - PHYSICAL DESCRIPTION
Extent (e.g. Volumes, Pages etc.) 290 p .,
500 ## - GENERAL NOTE
General note Life Stories of women in the Telangana People's Struggle.
942 ## - Koha item type (Biblio)
Koha item type Books in Stacks (Lending)
Holdings
Lost status Damaged status Collection code Home library Current library Shelving location Date acquired Full call number Accession Number Item type
    Lending WERC Library WERC Library Social Science Cupboard 03/31/2024 954 WEW 607 Books in Stacks (Lending)

© WERC Library